European journal of Scandinavian studies

Detalles Bibliográficos
Título anterior:Skandinavistik
Formato: Electrónico Revista
Lenguaje:inglés
alemán
sueco
Publicado: Berlin : De Gruyter, [2010]-
Materias:
Acceso en línea:Full text available from Research Library: 01/01/2013 to 07/31/2017

MARC

LEADER 00000nas a2200000 i 4500
001 ssj0000493294
003 WaSeSS
005 20200512172242.0
006 m d
007 cr n
008 110127c20109999gw fr pss 0 0eng
010 |a  2015204083 
022 |a 2191-9402  |l 2191-9399  |y 2191-9399 
035 |a (WaSeSS)ssj0000493294 
040 |a MnU  |b eng  |e pn  |c CUD  |d OCLCO  |d OCLCQ  |d OCLCO  |d DLC  |d OCLCO  |d OCLCF  |d OCLCO  |d OCLCQ  |d WaSeSS 
041 0 |a eng  |a ger  |a swe 
042 |a pcc 
043 |a ev----- 
050 0 0 |a DL1 
050 1 4 |a DL1  |b .E7 
210 0 |a Eur. j. scand. stud.  |b (Internet) 
222 0 |a European journal of Scandinavian studies  |b (Internet) 
245 0 0 |a European journal of Scandinavian studies  |h [electronic resource]. 
246 1 |a EJSS 
246 1 |i First print version issue also carries previous title:  |a Skandinavistik 
260 |a Berlin :  |b De Gruyter,  |c [2010]- 
310 |a Semiannual 
362 1 |a Began with: Volume 38/40, issue 1 (Nov 2010). 
506 |a License restrictions may limit access. 
538 |a Mode of access: World Wide Web. 
546 |a In English, German, and Swedish. 
588 |a Description based on: Volume 38/40, issue 1 (Nov 2010); title from issue contents page (De Gruyter Online, viewed June 11, 2015). 
588 |a Latest issue consulted: Volume 45, number 1 (2015) (De Gruyter Online, viewed June 11, 2015). 
650 0 |a Scandinavian literature  |x History and criticism  |v Periodicals. 
650 0 |a Scandinavian philology  |v Periodicals. 
650 7 |a Civilization.  |2 fast  |0 (OCoLC)fst00862898 
650 7 |a Scandinavian literature.  |2 fast  |0 (OCoLC)fst01106425 
650 7 |a Scandinavian philology.  |2 fast  |0 (OCoLC)fst01106438 
651 0 |a Scandinavia  |v Periodicals. 
651 0 |a Scandinavia  |x Civilization  |v Periodicals. 
651 7 |a Scandinavia.  |2 fast  |0 (OCoLC)fst01242804 
655 0 |a Electronic journals. 
780 0 0 |t Skandinavistik  |x 0342-8427  |w (OCoLC)759990163 
850 |a DLC 
856 4 0 |z Full text available from Research Library: 01/01/2013 to 07/31/2017  |u https://search.proquest.com/publication/2031351